00443 2200169 4500245005100000020002200051250001100073700001600084100002500100650002700125005001900152260004500171041001400216084000800230300002600238336000900264 aBerpikir RealistiscSuro Udioko PrapancahText a978-602-7501-04-1 aCet. 1 aAhmad Rifai aSuro Udioko Prapanca aIlmu tentang Pemikiran a20230221095415 aBekasibCV Tidar Mediaseni Graphicc2012 aIndonesia a160 avi, 58 hlm. :c25 cm. atext